000 00484nam a22001817a 4500
003 KOHA_MİRAKIL
005 20251209072752.0
008 251209b tu ||||| |||| 00| 0 tur d
020 _a9786058061347
040 _aTR-AnABB
_btur
_cTR-AnABB
041 _atur
082 _a956.12
_bTUR 2020
245 1 0 _aTürkiye'nin eşsiz mirası /
260 _aAnkara :
_bÇevre ve Şehircilik Bakanlığı,
_c2020
300 _a196 sayfa ;
_c30 cm
650 0 4 _aTarih
942 _2ddc
_cBK
999 _c9697
_d9697
900 _bGizem YORULMAZ